000 01060nam a2200325 i 4500
001 000024184
003 DO-SdBNP
005 20251118084433.0
007 ta
008 100312s1978 dr r 001 0 spa d
040 _aDO-SdBNP
_bspa
_cBNPHU
_erda
041 _aspa
082 4 _a467.97293
_bH519e 1978
_222
100 1 _aHenríquez Ureña, Pedro,
_d1884-1946
_eautor
_91718
_4aut.
245 1 3 _aEl español en Santo Domingo /
_cPedro Henríquez Ureña.
250 _aTercera edición
264 _aSanto Domingo, República Dominicana :
_bEditora Taller,
_c1978.
300 _a301 páginas ;
_c21 cm.
336 _atexto
_btxt
_2rdacontent
337 _asin mediación
_bn
_2rdamedia
338 _avolumen
_bnc
_2rdacarrier
490 _aBiblioteca Taller
590 _aInventariado, 2023 / DG
650 4 _aDominicanismos
_913083
650 4 _aEspañol en república dominicana
_xHistoria
_937468
650 4 _aEspañol
_xGramatica
_93475
650 4 _aEspañol
_xProvincialismo
_zRepública Dominicana
_937469
910 _aDG
942 _2ddc
_cLBS1
999 _c55357
_d55357